000 00314nam a22001337a 4500
008 180927b xxu||||| |||| 00| 0 eng d
020 _a9780393337198
041 _aeng
080 _a574
100 _a10
101 _aMJE
245 _aPlan B4.0 Mobilizing To Save Civilzation
_cBrown.L.R
942 _2udc
_cBK
999 _c48547
_d48547